[Event "MSR2018s4"]
[Site "?"]
[Date "2018.04.22"]
[Round "2.12"]
[White "Zvoda, Matej"]
[Black "Meszaros, Casey Ryan"]
[Result "1/2-1/2"]
[BlackElo "1000"]
[WhiteElo "1000"]
[LiveChessVersion "1.4.8"]

1. e4 {[%clk 1:30:30]} e5 {[%clk 1:30:30]} 2. Nc3 {[%clk 1:30:30]} Nf6
{[%clk 1:30:37]} 3. d3 {[%clk 1:30:27]} Bc5 {[%clk 1:30:28]} 4. Bg5
{[%clk 1:30:26]} c6 {[%clk 1:30:16]} 5. Qd2 {[%clk 1:30:11]} d5 {[%clk 1:28:04]}
6. exd5 {[%clk 1:29:57]} cxd5 {[%clk 1:24:49]} 7. d4 {[%clk 1:29:58]} Bxd4
{[%clk 1:23:41]} 8. Bb5+ {[%clk 1:30:07]} Nc6 {[%clk 1:23:18]} 9. Nf3
{[%clk 1:29:43]} O-O {[%clk 1:17:35]} 10. Bd3 {[%clk 1:29:23]} Re8
{[%clk 1:16:47]} 11. O-O {[%clk 1:28:13]} e4 {[%clk 1:12:07]} 12. Rae1
{[%clk 1:27:49]} exf3 {[%clk 1:11:13]} 13. Rxe8+ Qxe8 14. Re1 {[%clk 1:26:38]}
Qd8 {[%clk 1:08:54]} 15. Bb5 Bc5 {[%clk 1:06:49]} 16. Nxd5 {[%clk 1:23:22]} Qxd5
{[%clk 1:06:16]} 17. Qxd5 {[%clk 1:23:25]} Nxd5 {[%clk 1:06:21]} 18. Re8+
{[%clk 1:23:36]} Bf8 19. Be3 {[%clk 1:22:44]} Nxe3 {[%clk 1:06:17]} 20. fxe3
{[%clk 1:22:36]} fxg2 {[%clk 1:06:15]} 21. e4 {[%clk 1:21:50]} f6
{[%clk 1:05:48]} 22. Bc4+ {[%clk 1:21:57]} Be6 {[%clk 1:04:29]} 23. Bxe6+
{[%clk 1:22:08]} Kh8 {[%clk 1:04:47]} 24. Rxa8 {[%clk 1:22:09]} g6
{[%clk 1:04:28]} 25. Rxf8+ {[%clk 1:22:02]} Kg7 {[%clk 1:04:48]} 26. Rf7+
{[%clk 1:21:34]} Kg8 {[%clk 1:05:05]} 27. Rc7+ Kf8 28. Rxh7 {[%clk 1:20:03]} Ke8
{[%clk 1:05:14]} 29. Bd7+ {[%clk 1:19:59]} Kf8 {[%clk 1:05:21]} 30. Be6
{[%clk 1:19:43]} Ke8 {[%clk 1:05:42]} 31. Rf7 {[%clk 1:19:32]} Nd4
{[%clk 1:05:44]} 32. Rxf6 {[%clk 1:19:32]} Ke7 {[%clk 1:05:57]} 33. e5
{[%clk 1:19:36]} Nxe6 {[%clk 1:06:16]} 34. Rxg6 {[%clk 1:19:17]} Nf4
{[%clk 1:06:22]} 35. Rg7+ {[%clk 1:19:21]} Ke6 {[%clk 1:06:36]} 36. h4
{[%clk 1:19:05]} Kxe5 {[%clk 1:06:33]} 37. Rg4 {[%clk 1:18:59]} Kf5
{[%clk 1:06:30]} 38. Rg5+ {[%clk 1:19:05]} Ke4 {[%clk 1:06:40]} 39. h5
{[%clk 1:19:15]} Nh3+ {[%clk 1:02:56]} 40. Kxg2 {[%clk 1:19:15]} Nxg5
{[%clk 1:03:16]} 41. h6 {[%clk 1:19:21]} Ke3 {[%clk 1:03:24]} 42. a4
{[%clk 1:19:15]} Kd2 {[%clk 1:03:46]} 43. c4 {[%clk 1:19:21]} Kc2
{[%clk 1:04:04]} 44. a5 {[%clk 1:19:07]} Kxb2 {[%clk 1:04:20]} 45. a6
{[%clk 1:19:20]} b6 {[%clk 1:04:33]} 46. Kg3 {[%clk 1:19:28]} Nf7
{[%clk 1:04:23]} 47. h7 {[%clk 1:19:44]} Kb3 {[%clk 1:04:32]} 48. Kf4
{[%clk 1:19:35]} Kxc4 {[%clk 1:04:46]} 49. Kf5 {[%clk 1:19:39]} b5
{[%clk 1:05:00]} 50. Kf6 {[%clk 1:19:50]} Nh8 {[%clk 1:05:19]} 51. Kg7
{[%clk 1:20:04]} b4 {[%clk 1:05:23]} 52. Kxh8 {[%clk 1:20:21]} b3
{[%clk 1:05:39]} 53. Kg7 {[%clk 1:20:21]} b2 {[%clk 1:05:49]} 54. h8=Q
{[%clk 1:20:54]} b1=Q {[%clk 1:08:05]} 55. Qg8+ {[%clk 1:21:05]} Kc3
{[%clk 1:08:02]} 56. Qc8+ {[%clk 1:21:10]} Kd2 {[%clk 1:07:25]} 57. Qd7+
{[%clk 1:21:09]} Qd3 {[%clk 1:07:39]} 58. Qxd3+ {[%clk 1:21:04]} Kxd3
{[%clk 1:07:48]} 59. Kf7 {[%clk 1:21:13]} Kc4 {[%clk 1:08:00]} 60. Ke7
{[%clk 1:21:35]} Kb5 {[%clk 1:07:45]} 61. Kd6 {[%clk 1:21:40]} Kb6
{[%clk 1:07:47]} 62. Kd5 {[%clk 1:21:39]} Kxa6 {[%clk 1:07:54]} 63. Kc4
{[%clk 1:21:52]} Kb6 {[%clk 1:07:55]} 64. Kb4 {[%clk 1:21:56]} a6
{[%clk 1:08:17]} 65. Ka4 {[%clk 1:22:01]} a5 {[%clk 1:08:28]} 66. Kb3
{[%clk 1:22:10]} Kb5 67. Ka3 a4 {[%clk 1:08:02]} 68. Kb2 {[%clk 1:22:19]} Kb4
{[%clk 1:08:17]} 69. Ka2 {[%clk 1:22:30]} a3 {[%clk 1:08:36]} 70. Kb1
{[%clk 1:22:51]} Kb3 71. Ka1 a2 {[%clk 1:08:13]} 1/2-1/2

[Event "MSR2018s4"]
[Site "?"]
[Date "2018.04.22"]
[Round "2.13"]
[White "Filipiak, Magdalena"]
[Black "Berkova, Agata"]
[Result "1-0"]
[BlackElo "1455"]
[WhiteElo "1186"]
[LiveChessVersion "1.4.8"]

1. e4 {[%clk 1:30:58]} e5 {[%clk 1:30:57]} 2. Nf3 {[%clk 1:31:14]} Nc6
{[%clk 1:31:00]} 3. Bc4 {[%clk 1:31:36]} Nd4 {[%clk 1:31:25]} 4. Nxd4
{[%clk 1:31:09]} exd4 {[%clk 1:31:41]} 5. d3 {[%clk 1:31:27]} Nf6
{[%clk 1:31:34]} 6. O-O {[%clk 1:31:36]} d6 {[%clk 1:32:08]} 7. f4
{[%clk 1:31:44]} Bg4 {[%clk 1:31:39]} 8. Qe1 {[%clk 1:30:55]} c6 {[%clk 1:31:18]}
9. h3 {[%clk 1:30:15]} b5 {[%clk 1:30:56]} 10. Bb3 {[%clk 1:29:52]} Bh5
{[%clk 1:29:13]} 11. g4 {[%clk 1:29:10]} Qd7 {[%clk 1:28:15]} 12. f5
{[%clk 1:28:07]} Qe7 {[%clk 1:25:57]} 13. Qg3 {[%clk 1:25:46]} d5
{[%clk 1:25:23]} 14. exd5 {[%clk 1:25:24]} cxd5 {[%clk 1:25:43]} 15. Re1
{[%clk 1:25:28]} Ne4 {[%clk 1:25:10]} 16. dxe4 {[%clk 1:25:11]} dxe4
{[%clk 1:25:00]} 17. Bd5 {[%clk 1:25:07]} O-O-O {[%clk 1:24:14]} 18. Rxe4
{[%clk 1:22:55]} Qc5 {[%clk 1:23:34]} 19. Bb3 {[%clk 1:13:07]} d3+
{[%clk 1:23:20]} 20. Be3 {[%clk 1:12:45]} Qc6 {[%clk 1:22:47]} 21. Nc3
{[%clk 1:12:28]} Bd6 {[%clk 1:21:59]} 22. Qg2 {[%clk 1:10:51]} Qc7
{[%clk 1:21:54]} 23. cxd3 {[%clk 1:10:39]} Bh2+ {[%clk 1:21:29]} 24. Qxh2
{[%clk 1:10:45]} Qxh2+ {[%clk 1:21:33]} 25. Kxh2 {[%clk 1:11:09]} Rxd3
{[%clk 1:21:24]} 26. gxh5 {[%clk 1:11:26]} b4 {[%clk 1:20:54]} 27. Nd5
{[%clk 1:09:25]} Rd8 {[%clk 1:19:51]} 28. Rc1+ {[%clk 1:09:19]} Kb8
{[%clk 1:19:19]} 29. Rxb4+ {[%clk 1:09:24]} Ka8 {[%clk 1:18:48]} 30. Nc7#
{[%clk 1:09:48]} 1-0

[Event "MSR2018s4"]
[Site "?"]
[Date "2018.04.22"]
[Round "2.14"]
[White "Novomeska, Karin"]
[Black "Sosovickova, Martina"]
[Result "1-0"]
[BlackElo "1169"]
[WhiteElo "1217"]
[LiveChessVersion "1.4.8"]

1. d4 {[%clk 1:30:59]} d5 {[%clk 1:30:54]} 2. c4 {[%clk 1:31:25]} dxc4
{[%clk 1:31:13]} 3. Nc3 {[%clk 1:31:50]} c6 {[%clk 1:30:53]} 4. a4
{[%clk 1:30:43]} Nf6 {[%clk 1:25:24]} 5. e4 {[%clk 1:25:31]} e5 {[%clk 1:18:13]}
6. Nf3 {[%clk 1:12:54]} exd4 {[%clk 1:05:43]} 7. Qxd4 {[%clk 1:09:43]} Qxd4
{[%clk 1:05:56]} 8. Nxd4 {[%clk 1:10:08]} Bc5 {[%clk 1:03:32]} 9. Be3
{[%clk 1:04:12]} O-O {[%clk 0:59:06]} 10. Bxc4 {[%clk 0:58:11]} b6
{[%clk 0:54:45]} 11. O-O {[%clk 0:55:24]} Bb7 {[%clk 0:49:19]} 12. Nc2
{[%clk 0:44:36]} Nbd7 {[%clk 0:47:58]} 13. b4 {[%clk 0:41:43]} Bd6
{[%clk 0:44:43]} 14. Rad1 {[%clk 0:38:34]} Be5 {[%clk 0:41:30]} 15. Bd4
{[%clk 0:36:14]} Bxd4 {[%clk 0:40:36]} 16. Nxd4 {[%clk 0:27:51]} c5
{[%clk 0:33:07]} 17. Nf3 {[%clk 0:25:56]} Rad8 {[%clk 0:29:50]} 18. e5
{[%clk 0:21:37]} Bxf3 {[%clk 0:28:45]} 19. gxf3 {[%clk 0:21:17]} Nxe5
{[%clk 0:28:28]} 20. Be2 {[%clk 0:19:57]} cxb4 {[%clk 0:26:18]} 21. f4
{[%clk 0:15:57]} bxc3 {[%clk 0:24:30]} 22. fxe5 {[%clk 0:15:41]} Rxd1
{[%clk 0:23:58]} 23. Rxd1 {[%clk 0:15:55]} Ne4 {[%clk 0:23:08]} 24. Rc1
{[%clk 0:15:08]} Rc8 {[%clk 0:22:42]} 25. f3 {[%clk 0:14:43]} Nd2
{[%clk 0:21:35]} 26. Kf2 {[%clk 0:12:59]} c2 {[%clk 0:19:25]} 27. Bd3
{[%clk 0:12:46]} Nb3 {[%clk 0:18:45]} 28. Rxc2 {[%clk 0:13:03]} Rxc2+
{[%clk 0:19:08]} 29. Bxc2 {[%clk 0:13:27]} Nc5 {[%clk 0:19:11]} 30. Ke3
{[%clk 0:13:29]} Kf8 {[%clk 0:18:38]} 31. Kd4 {[%clk 0:13:43]} Ke7
{[%clk 0:18:20]} 32. Kd5 {[%clk 0:13:41]} Kd7 {[%clk 0:18:03]} 33. a5
{[%clk 0:13:07]} Kc7 {[%clk 0:16:28]} 34. Bxh7 {[%clk 0:11:29]} Nb3
{[%clk 0:16:21]} 35. axb6+ {[%clk 0:10:30]} axb6 {[%clk 0:16:38]} 36. Bg8 Na5
{[%clk 0:15:18]} 37. Bxf7 {[%clk 0:10:54]} b5 {[%clk 0:15:20]} 38. e6
{[%clk 0:11:13]} Nc6 {[%clk 0:15:15]} 39. Be8 {[%clk 0:10:24]} Ne7+
{[%clk 0:14:50]} 40. Kc5 {[%clk 0:09:54]} Nf5 {[%clk 0:14:39]} 41. Bxb5
{[%clk 0:09:30]} Kd8 {[%clk 0:14:35]} 42. Kd5 {[%clk 0:09:33]} Ke7
{[%clk 0:14:29]} 43. Ke5 {[%clk 0:09:40]} Nh4 {[%clk 0:14:33]} 44. Be2
{[%clk 0:09:04]} Ng6+ {[%clk 0:14:26]} 45. Kf5 {[%clk 0:09:01]} Nf8
{[%clk 0:14:08]} 46. Bc4 {[%clk 0:08:50]} g6+ {[%clk 0:13:13]} 47. Kg5
{[%clk 0:08:47]} Nxe6+ {[%clk 0:13:21]} 48. Bxe6 {[%clk 0:09:07]} Kxe6
{[%clk 0:13:43]} 49. Kxg6 {[%clk 0:09:34]} Ke5 {[%clk 0:14:00]} 50. h4
{[%clk 0:09:55]} Kf4 {[%clk 0:13:59]} 51. h5 {[%clk 0:10:19]} Kxf3
{[%clk 0:14:13]} 52. h6 {[%clk 0:10:46]} Kf4 {[%clk 0:14:37]} 53. h7
{[%clk 0:11:11]} Ke5 {[%clk 0:14:47]} 54. h8=R {[%clk 0:11:28]} Ke4
{[%clk 0:15:09]} 55. Rh5 {[%clk 0:11:47]} Kd4 {[%clk 0:15:29]} 56. Kf6
{[%clk 0:12:08]} Ke4 {[%clk 0:15:17]} 57. Ra5 {[%clk 0:12:12]} Kd4
{[%clk 0:15:38]} 58. Ke6 {[%clk 0:12:36]} Kc4 {[%clk 0:16:06]} 59. Kd6
{[%clk 0:12:59]} Kb4 {[%clk 0:16:04]} 60. Rh5 {[%clk 0:13:23]} 1-0

[Event "MSR2018s4"]
[Site "?"]
[Date "2018.04.22"]
[Round "2.15"]
[White "Horvathova, Hana"]
[Black "Holestiakova, Nina"]
[Result "1-0"]
[BlackElo "1039"]
[WhiteElo "1467"]
[LiveChessVersion "1.4.8"]

1. e4 {[%clk 1:30:57]} e5 {[%clk 1:30:54]} 2. Bc4 {[%clk 1:31:21]} Nf6
{[%clk 1:31:13]} 3. d3 {[%clk 1:31:40]} d6 {[%clk 1:29:10]} 4. c3
{[%clk 1:30:50]} Nc6 {[%clk 1:28:50]} 5. Nf3 {[%clk 1:31:08]} h6 {[%clk 1:26:30]}
6. O-O {[%clk 1:30:38]} Be7 {[%clk 1:26:05]} 7. h3 {[%clk 1:30:49]} g5
{[%clk 1:25:34]} 8. Nh2 {[%clk 1:25:57]} Rg8 {[%clk 1:25:35]} 9. Ng4
{[%clk 1:23:38]} Bxg4 {[%clk 1:21:56]} 10. hxg4 {[%clk 1:24:00]} Qd7
{[%clk 1:20:55]} 11. f3 {[%clk 1:21:34]} h5 {[%clk 1:20:24]} 12. gxh5
{[%clk 1:21:35]} Nxh5 {[%clk 1:20:27]} 13. g4 {[%clk 1:17:01]} Nf6
{[%clk 1:16:21]} 14. Be3 {[%clk 1:16:43]} Rg7 {[%clk 1:15:28]} 15. Re1
{[%clk 1:16:21]} O-O-O {[%clk 1:15:18]} 16. Re2 {[%clk 1:13:38]} Rh8
{[%clk 1:14:52]} 17. Rh2 {[%clk 1:08:56]} Rhh7 {[%clk 1:13:59]} 18. Rxh7
{[%clk 1:07:26]} Nxh7 {[%clk 1:14:01]} 19. Nd2 {[%clk 1:07:23]} Qe8
{[%clk 1:12:57]} 20. Qe2 {[%clk 1:06:41]} Qh8 {[%clk 1:11:35]} 21. Qg2
{[%clk 1:06:21]} Nf8 {[%clk 1:11:07]} 22. b4 b6 23. Bd5 {[%clk 0:59:40]} Kd7
{[%clk 1:10:36]} 24. a4 Rh7 25. b5 {[%clk 0:57:31]} Nb8 {[%clk 1:10:25]} 26. d4
{[%clk 0:57:09]} Ng6 {[%clk 1:09:15]} 27. Nf1 {[%clk 0:49:59]} Nh4
{[%clk 1:08:55]} 28. Qg3 {[%clk 0:48:53]} Qf6 {[%clk 1:06:30]} 29. Nh2
{[%clk 0:48:41]} Ng6 {[%clk 1:03:10]} 30. Bb3 {[%clk 0:48:02]} Nf4
{[%clk 1:02:42]} 31. Bxf4 {[%clk 0:47:42]} exf4 {[%clk 1:01:13]} 32. Qf2
{[%clk 0:47:31]} Qh6 {[%clk 1:00:20]} 33. Rd1 {[%clk 0:45:47]} Qh3
{[%clk 0:58:47]} 34. Bc2 {[%clk 0:42:56]} Kc8 {[%clk 0:57:41]} 35. e5
{[%clk 0:42:59]} dxe5 {[%clk 0:57:46]} 36. Bxh7 {[%clk 0:42:53]} Qxh7
{[%clk 0:57:26]} 37. dxe5 {[%clk 0:43:03]} Bc5 {[%clk 0:57:28]} 38. Rd4
{[%clk 0:42:43]} Bxd4 {[%clk 0:57:44]} 39. cxd4 {[%clk 0:43:08]} a6
{[%clk 0:56:25]} 40. Nf1 {[%clk 0:42:41]} axb5 {[%clk 0:55:36]} 41. axb5
{[%clk 0:42:48]} Nd7 {[%clk 0:52:34]} 42. Qh2 {[%clk 0:41:44]} Qg7
{[%clk 0:51:54]} 43. Qa2 {[%clk 0:40:30]} Kb7 {[%clk 0:51:50]} 44. Qd5+
{[%clk 0:40:34]} Kc8 {[%clk 0:51:10]} 45. Qa8+ {[%clk 0:39:50]} Nb8
{[%clk 0:51:22]} 46. Qd5 {[%clk 0:39:20]} Qg8 {[%clk 0:50:01]} 47. Nd2
{[%clk 0:39:10]} Qh7 {[%clk 0:49:37]} 48. Ne4 {[%clk 0:37:07]} Qh4
{[%clk 0:48:20]} 49. Kg2 {[%clk 0:34:04]} Qe1 {[%clk 0:48:07]} 50. Qxf7
{[%clk 0:33:06]} Qe2+ {[%clk 0:47:42]} 51. Nf2 {[%clk 0:33:04]} Qxb5
{[%clk 0:47:26]} 52. e6 {[%clk 0:33:00]} Qd5 {[%clk 0:47:17]} 53. Qf8+
{[%clk 0:32:20]} Kb7 {[%clk 0:47:23]} 54. e7 {[%clk 0:32:33]} Qd6
{[%clk 0:46:09]} 55. e8=Q {[%clk 0:29:44]} Qxf8 {[%clk 0:46:23]} 56. Qxf8
{[%clk 0:30:04]} Nc6 {[%clk 0:46:33]} 57. d5 {[%clk 0:30:17]} Ne5
{[%clk 0:44:56]} 58. d6 {[%clk 0:30:11]} cxd6 {[%clk 0:44:55]} 59. Qxd6
{[%clk 0:30:34]} Nc4 {[%clk 0:44:39]} 60. Qd5+ {[%clk 0:30:39]} Ka6
{[%clk 0:44:41]} 61. Qxc4+ {[%clk 0:30:58]} b5 {[%clk 0:44:36]} 62. Qb4
{[%clk 0:31:05]} 1-0

[Event "MSR2018s4"]
[Site "?"]
[Date "2018.04.22"]
[Round "2.16"]
[White "Obrocnikova, Barbora"]
[Black "Mrmusova, Magdalena"]
[Result "0-1"]
[BlackElo "1132"]
[WhiteElo "1181"]
[LiveChessVersion "1.4.8"]

1. e4 {[%clk 1:30:58]} e5 {[%clk 1:30:57]} 2. Nf3 {[%clk 1:30:58]} Nc6
{[%clk 1:31:21]} 3. Bb5 {[%clk 1:31:19]} Bc5 {[%clk 1:31:14]} 4. c3
{[%clk 1:31:33]} a6 {[%clk 1:30:27]} 5. Ba4 {[%clk 1:31:53]} b5 {[%clk 1:30:07]}
6. Bb3 {[%clk 1:31:12]} d6 {[%clk 1:29:33]} 7. d4 {[%clk 1:30:08]} exd4
{[%clk 1:28:46]} 8. cxd4 {[%clk 1:29:52]} Bb6 {[%clk 1:27:56]} 9. Bd5
{[%clk 1:29:44]} Bd7 {[%clk 1:26:55]} 10. Qc2 {[%clk 1:28:23]} Nge7
{[%clk 1:26:47]} 11. O-O {[%clk 1:27:48]} O-O {[%clk 1:25:31]} 12. Bg5
{[%clk 1:27:25]} h6 {[%clk 1:24:07]} 13. Bh4 {[%clk 1:27:41]} Qe8
{[%clk 1:22:32]} 14. Nbd2 {[%clk 1:25:50]} Rc8 {[%clk 1:19:48]} 15. Rfe1
{[%clk 1:25:26]} Nxd4 {[%clk 1:18:22]} 16. Nxd4 {[%clk 1:25:36]} Bxd4
{[%clk 1:18:30]} 17. Nf3 {[%clk 1:24:48]} Bb6 {[%clk 1:16:15]} 18. e5
{[%clk 1:23:44]} Nxd5 {[%clk 1:13:25]} 19. exd6 {[%clk 1:23:44]} Be6
{[%clk 1:13:12]} 20. dxc7 {[%clk 1:16:34]} Bxc7 {[%clk 1:12:42]} 21. Qd2
{[%clk 1:12:31]} Bf4 {[%clk 1:10:24]} 22. Qd4 {[%clk 1:11:45]} Rc4
{[%clk 1:09:31]} 23. Qa7 {[%clk 1:09:24]} Qc8 {[%clk 1:07:34]} 24. g3
{[%clk 1:02:52]} Bb8 {[%clk 1:06:46]} 25. Qa8 {[%clk 1:01:35]} Nc7
{[%clk 1:06:21]} 26. b3 {[%clk 1:01:02]} Nxa8 {[%clk 1:04:32]} 27. bxc4
{[%clk 1:00:58]} Bg4 {[%clk 1:03:50]} 28. Ne5 {[%clk 1:00:31]} Bxe5
{[%clk 1:03:21]} 29. Rxe5 {[%clk 1:00:49]} Bh3 {[%clk 1:02:00]} 30. Rae1
{[%clk 1:00:10]} Qb7 {[%clk 0:59:15]} 31. R5e4 {[%clk 0:58:56]} f5
{[%clk 0:59:06]} 32. f3 {[%clk 0:58:48]} fxe4 {[%clk 0:58:46]} 33. Rxe4
{[%clk 0:58:00]} bxc4 {[%clk 0:58:24]} 34. Be7 {[%clk 0:57:56]} Qb2
{[%clk 0:57:41]} 35. Bxf8 {[%clk 0:58:07]} Qg2# {[%clk 0:58:02]} 0-1

[Event "MSR2018s4"]
[Site "?"]
[Date "2018.04.22"]
[Round "2.17"]
[White "Visvader, Kristof"]
[Black "Vargosko, Juraj"]
[Result "1-0"]
[BlackElo "1504"]
[WhiteElo "1252"]
[LiveChessVersion "1.4.8"]

1. e4 {[%clk 1:30:56]} e5 {[%clk 1:30:54]} 2. Nf3 {[%clk 1:31:20]} Nc6
{[%clk 1:31:17]} 3. Bb5 {[%clk 1:31:44]} a6 {[%clk 1:31:41]} 4. Bxc6
{[%clk 1:32:01]} dxc6 {[%clk 1:32:02]} 5. d4 {[%clk 1:32:24]} exd4
{[%clk 1:32:25]} 6. Qxd4 {[%clk 1:32:49]} Qxd4 {[%clk 1:32:47]} 7. Nxd4
{[%clk 1:33:12]} Nf6 {[%clk 1:32:49]} 8. f3 {[%clk 1:33:32]} Bc5 {[%clk 1:32:37]}
9. Be3 {[%clk 1:33:55]} O-O {[%clk 1:32:38]} 10. O-O {[%clk 1:33:30]} Re8
{[%clk 1:32:15]} 11. Nd2 {[%clk 1:33:00]} Rd8 {[%clk 1:31:30]} 12. N2b3
{[%clk 1:33:11]} Bb6 {[%clk 1:31:14]} 13. Rad1 {[%clk 1:32:09]} Be6
{[%clk 1:30:05]} 14. Kf2 {[%clk 1:31:48]} Bc4 {[%clk 1:28:37]} 15. Rfe1
{[%clk 1:31:34]} c5 {[%clk 1:27:25]} 16. Ne2 {[%clk 1:31:17]} Bxb3
{[%clk 1:27:30]} 17. cxb3 {[%clk 1:30:27]} Rd6 {[%clk 1:24:34]} 18. e5
{[%clk 1:29:44]} Rxd1 {[%clk 1:24:39]} 19. Rxd1 {[%clk 1:30:02]} Ne8
{[%clk 1:24:09]} 20. Nc3 {[%clk 1:30:04]} Ba7 {[%clk 1:23:23]} 21. Ne4
{[%clk 1:28:45]} b6 {[%clk 1:22:42]} 22. g4 {[%clk 1:28:24]} g6 {[%clk 1:22:55]}
23. f4 {[%clk 1:28:37]} Ng7 {[%clk 1:22:36]} 24. Nf6+ {[%clk 1:28:30]} Kh8
{[%clk 1:21:51]} 25. Rd7 {[%clk 1:27:42]} Ne6 {[%clk 1:14:10]} 26. Rxf7
{[%clk 1:26:44]} Ng7 {[%clk 1:11:47]} 27. h4 {[%clk 1:26:32]} Rc8
{[%clk 1:08:23]} 28. h5 {[%clk 1:26:48]} gxh5 {[%clk 1:08:27]} 29. gxh5
{[%clk 1:27:05]} h6 {[%clk 1:08:26]} 30. f5 {[%clk 1:27:24]} 1-0

[Event "MSR2018s4"]
[Site "?"]
[Date "2018.04.22"]
[Round "2.18"]
[White "Cizmar, Tomas"]
[Black "Dujava, Adam"]
[Result "1-0"]
[BlackElo "1251"]
[WhiteElo "1447"]
[LiveChessVersion "1.4.8"]

1. e4 {[%clk 1:30:58]} d5 {[%clk 1:30:52]} 2. exd5 {[%clk 1:31:02]} Qxd5
{[%clk 1:31:11]} 3. Nc3 {[%clk 1:31:23]} Qa5 {[%clk 1:31:24]} 4. Nf3
{[%clk 1:31:20]} c6 {[%clk 1:31:31]} 5. h3 {[%clk 1:30:37]} Nf6 {[%clk 1:31:44]}
6. Bc4 {[%clk 1:30:32]} Bf5 {[%clk 1:31:28]} 7. O-O {[%clk 1:30:35]} e6
{[%clk 1:31:00]} 8. d4 {[%clk 1:30:04]} Bd6 {[%clk 1:28:32]} 9. Bg5
{[%clk 1:28:56]} Nbd7 {[%clk 1:28:49]} 10. Bxf6 {[%clk 1:28:42]} gxf6
{[%clk 1:29:10]} 11. Nh4 {[%clk 1:26:54]} Rg8 {[%clk 1:28:43]} 12. Nxf5
{[%clk 1:27:04]} Qxf5 {[%clk 1:29:00]} 13. Qd3 {[%clk 1:26:20]} Qg5
{[%clk 1:25:53]} 14. g3 {[%clk 1:23:44]} O-O-O {[%clk 1:25:27]} 15. Ne4
{[%clk 1:22:49]} Nc5 {[%clk 0:53:44]} 16. dxc5 {[%clk 1:18:17]} Bxc5
{[%clk 0:53:46]} 17. Qxd8+ {[%clk 1:18:20]} Kxd8 {[%clk 0:53:48]} 18. Nxg5
{[%clk 1:18:37]} Rxg5 {[%clk 0:54:16]} 19. Rad1+ {[%clk 1:18:01]} Ke7
{[%clk 0:54:21]} 20. Rd2 {[%clk 1:17:23]} Rxg3+ {[%clk 0:53:43]} 21. Kh2
{[%clk 1:17:00]} Rg5 {[%clk 0:53:53]} 22. Rfd1 {[%clk 1:16:42]} b6
{[%clk 0:53:39]} 23. Rd7+ {[%clk 1:15:26]} Kf8 {[%clk 0:53:57]} 24. Rd8+
{[%clk 1:15:41]} Kg7 {[%clk 0:53:45]} 25. Rg1 {[%clk 1:15:56]} Bxf2
{[%clk 0:53:57]} 26. Rxg5+ {[%clk 1:16:13]} fxg5 {[%clk 0:54:20]} 27. Rd7
{[%clk 1:16:29]} b5 {[%clk 0:54:26]} 28. Bxe6 {[%clk 1:16:30]} Kf6
{[%clk 0:54:44]} 29. Rxf7+ {[%clk 1:16:44]} Kxe6 {[%clk 0:54:59]} 30. Rxf2
{[%clk 1:17:04]} a5 {[%clk 0:55:17]} 31. Rd2 {[%clk 1:16:58]} h5 {[%clk 0:55:32]}
32. Kg3 {[%clk 1:17:14]} Kf5 {[%clk 0:55:53]} 33. Rd6 {[%clk 1:17:14]} h4+
{[%clk 0:56:00]} 34. Kf3 {[%clk 1:17:21]} g4+ {[%clk 0:55:24]} 35. hxg4+
{[%clk 1:17:43]} Kg5 {[%clk 0:55:49]} 36. Rxc6 {[%clk 1:18:00]} h3
{[%clk 0:55:31]} 37. Rc5+ {[%clk 1:18:08]} Kg6 {[%clk 0:55:46]} 38. Rxb5
{[%clk 1:18:27]} a4 {[%clk 0:56:04]} 39. Kg3 {[%clk 1:18:51]} h2 {[%clk 0:55:55]}
40. Kxh2 {[%clk 1:19:06]} Kf6 {[%clk 0:56:14]} 41. Kg3 {[%clk 1:19:15]} Kg6
{[%clk 0:56:29]} 42. Rf5 {[%clk 1:19:23]} Kh6 {[%clk 0:56:46]} 43. Kf4
{[%clk 1:19:29]} a3 {[%clk 0:56:58]} 44. bxa3 {[%clk 1:19:38]} Kg6
{[%clk 0:57:24]} 45. Ke5 {[%clk 1:19:50]} Kg7 {[%clk 0:57:32]} 46. Rf6
{[%clk 1:20:00]} Kg8 {[%clk 0:57:50]} 47. Ke6 {[%clk 1:20:13]} Kg7
{[%clk 0:57:45]} 1-0

[Event "MSR2018s4"]
[Site "?"]
[Date "2018.04.22"]
[Round "2.19"]
[White "Karapetsas, Athanasios"]
[Black "Tokarcik, Jan"]
[Result "1-0"]
[BlackElo "1343"]
[WhiteElo "1237"]
[LiveChessVersion "1.4.8"]

1. e4 {[%clk 1:30:58]} e5 {[%clk 1:30:57]} 2. Nf3 {[%clk 1:31:18]} Nc6
{[%clk 1:31:19]} 3. d4 {[%clk 1:31:29]} exd4 {[%clk 1:31:37]} 4. Nxd4
{[%clk 1:31:41]} Bc5 {[%clk 1:31:35]} 5. Be3 {[%clk 1:31:14]} Qf6
{[%clk 1:31:08]} 6. c3 {[%clk 1:29:07]} Nge7 {[%clk 1:30:28]} 7. Bc4
{[%clk 1:26:37]} O-O {[%clk 1:28:39]} 8. O-O {[%clk 1:23:31]} Re8
{[%clk 1:28:17]} 9. Qd3 {[%clk 1:21:05]} Ne5 {[%clk 1:25:20]} 10. Qe2
{[%clk 1:16:17]} c6 {[%clk 1:19:12]} 11. Bb3 {[%clk 1:09:38]} d5 {[%clk 1:18:35]}
12. f4 {[%clk 1:06:06]} Ng4 {[%clk 1:16:58]} 13. e5 {[%clk 1:04:45]} Qh4
{[%clk 1:14:35]} 14. h3 {[%clk 1:00:17]} Nxe3 {[%clk 1:14:08]} 15. Qxe3
{[%clk 1:00:21]} Nf5 {[%clk 1:14:20]} 16. Qd3 {[%clk 0:54:36]} Ng3
{[%clk 1:11:34]} 17. Rf3 {[%clk 0:51:10]} Bf5 {[%clk 1:10:45]} 18. Qe3
{[%clk 0:50:09]} Ne4 {[%clk 1:06:59]} 19. Kh2 {[%clk 0:46:47]} Bg4
{[%clk 1:04:53]} 20. Rf1 {[%clk 0:46:05]} f6 {[%clk 1:03:25]} 21. Qxe4
{[%clk 0:44:03]} Kh8 {[%clk 1:00:46]} 22. Qe1 {[%clk 0:43:29]} Qh5
{[%clk 0:59:59]} 23. Nd2 {[%clk 0:42:05]} fxe5 {[%clk 0:59:30]} 24. fxe5
{[%clk 0:41:12]} Rxe5 {[%clk 0:59:22]} 25. Qg3 {[%clk 0:41:16]} Bd6
{[%clk 0:58:34]} 26. Kg1 {[%clk 0:39:29]} Rg5 {[%clk 0:52:36]} 27. Qxd6
{[%clk 0:39:31]} Rg8 {[%clk 0:50:28]} 28. hxg4 {[%clk 0:38:43]} Qxg4
{[%clk 0:49:12]} 29. Rf2 {[%clk 0:38:22]} Rh5 {[%clk 0:47:17]} 30. Bd1
{[%clk 0:38:24]} 1-0